000
00360nam a22001097a 4500
082
_a
954
100
_a
बंंसल, सोनाली
_9
81994
245
_a
आधुनिक भारत का इतिहास द्वितीय संस्करण
260
_a
Channai
_b
McGrawHill
_c
2023
650
_a
इतिहास
942
_c
HIN
999
_c
66280
_d
66280